| 000 | 00756nam a2200265Ia 4500 | ||
|---|---|---|---|
| 003 | OSt | ||
| 005 | 20220918201243.0 | ||
| 006 | a|||||r|||| 00| 0 | ||
| 007 | ta | ||
| 008 | 220917b |||||||| |||| 00| 0 eng d | ||
| 024 | _a92,670 | ||
| 037 | _cTextual | ||
| 040 |
_aARTS _cARTS _beng |
||
| 041 |
_2eng _aeng |
||
| 082 | _aV1:19642.N20, M5 (906) | ||
| 100 |
_aDore Isaak I. _997730 |
||
| 245 | 0 | _aInternational maddate system and Naminia | |
| 260 |
_aBoulder _bWestview _c1985 |
||
| 300 |
_a230p. _ccm. |
||
| 490 | _aWestview special studies in international relations | ||
| 500 | _aAppendix p175--179 | ||
| 650 | _aHISTORY | ||
| 942 |
_hV1:19642.N20, M5 (906) _cTEXL _2CC |
||
| 999 |
_c216321 _d216321 |
||